000 00327nam a22001217a 4500
008 180418b xxu||||| |||| 00| 0 eng d
041 _aeng
080 _a10702
100 _a0
101 _aBTH
245 _aNjë studim i fizibilitetit për komunikimet e sigurta midis lokacioneve të largëta
_cKrasniqi, E
942 _2udc
_cBK
999 _c45293
_d45293